000 00401nam a2200169Ia 4500
001 10323
003 IN-NITTTR
005 20251114233056.0
008 251113s9999||||xx |||||||||||||| ||eng||
040 _beng
040 _cIN-NITTTR
041 _aeng
082 _a624.1834 M134D
100 _aMcCormac, Jack C.
245 0 _aDesign of reinforced concrete. /
_cMcCormac, Jack C.
942 _2ddc
_cBK
999 _c12960
_d12960